| 000 | 00652nam a22001697a 4500 | ||
|---|---|---|---|
| 008 | 160127b xxu||||| |||| 00| 0 eng d | ||
| 082 |
_a730 _bF941i |
||
| 100 |
_aEduardo Frota; Paulo Herkenhoff _94577 |
||
| 110 |
_aMuseu de Arte Moderna do Rio de Janeiro _94578 |
||
| 245 |
_aEduardo Frota _b intervenções em trânsito I, Rio de Janeiro _cEduardo Frota; Paulo Herkenhoff |
||
| 260 |
_aRio de Janeiro _bMuseu de Arte Moderna _c2006 |
||
| 300 |
_a40 pag _bill; col _c21cm |
||
| 600 |
_aEduardo Frota _94579 |
||
| 650 |
_aExhibiciones _vArte-Instalación _zBrasil-Rio de janeiro _94580 |
||
| 700 |
_aEduardo Frota _94581 |
||
| 700 |
_a Paulo Herkenhoff _94582 |
||
| 999 |
_c837 _d837 |
||